LIBRARY & INFORMATION CENTRE, KCAET, TAVANUR

ONLINE PUBLIC ACCESS CATALOGUE (OPAC)

Food processing waste management: Treatment and utilization technology (Record no. 13996)

MARC details
000 -LEADER
fixed length control field 00314nam a22001097a 4500
020 ## - INTERNATIONAL STANDARD BOOK NUMBER
ISBN 9789381031902
082 ## - DEWEY DECIMAL CLASSIFICATION NUMBER
Classification number 664.028
Item number SAX/FO
100 ## - MAIN ENTRY--AUTHOR NAME
Personal name Saxena, J
245 ## - TITLE STATEMENT
Title Food processing waste management: Treatment and utilization technology
260 ## - PUBLICATION, DISTRIBUTION, ETC. (IMPRINT)
Place of publication New Delhi
Name of publisher Arise Publishers & Distributors
Year of publication 2012
942 ## - ADDED ENTRY ELEMENTS (KOHA)
Koha item type Books
Holdings
Withdrawn status Lost status Damaged status Collection code Home library Current library Shelving location Date acquired Source of acquisition Cost, normal purchase price Full call number Accession Number Koha item type
      Non-fiction KAUAET KAUAET General Stacks 30/03/2013 A & A , Tvpm 800.00 664.028 SAX/FO 23822 Books
free website counter